| 000 | 00650nam a22002057a 4500 | ||
|---|---|---|---|
| 999 |
_c59350 _d59350 |
||
| 003 | Ge_BSU | ||
| 005 | 20230126161652.0 | ||
| 008 | 230126s2020 enk||||| |||| 00| 0 eng d | ||
| 020 | _a9781292393070 | ||
| 041 | _aeng | ||
| 080 | _a811.111.1 W-26 | ||
| 100 |
_aWarwick, Lindsay _916809 |
||
| 245 |
_aRoadmap A2 : _bStudent's Book and interactive eBook / _cLindsay Warwick, Damian Williams. |
||
| 264 |
_aHarlow, _c2020. |
||
| 300 |
_a160 p.; _bill.; _c30 cm. |
||
| 653 | _aინგლისური ენის კურსი | ||
| 700 |
_aWilliams, Damian _eავტორი _916810 |
||
| 773 | _tნაჩუქარი | ||
| 942 |
_2udc _cBK |
||